00633nam a2200193Ia 4500008004100000020001500041082001600056100002300072245002100095250000700116260004000123300002900163500001900192600002100211650005000232942000700282952013500289999001500424240925s9999 xx 000 0 und d a8176565814 a005.133 KAN aKanetkar, Yashvant 0aC++ .Net Fundas  aNA aNew Delhi:bBPB Publicationc,2002. axiv,310p.bNAfPhotocopy aIncludes Index aComputer Science aComputer science, information & general works cBK 001040708CSaUITUbUITUd2002-09-12eParamount Book Pvt Ltdg395.00l0o005.133 KANpQ4596r2024-09-25 07:13:34w2024-09-25yBK c7095d7095